| 000 | 00580cab a22001815a 4500 | ||
|---|---|---|---|
| 001 | L140709 | ||
| 008 | 071008e18990225xxk 000 0 eng d | ||
| 035 | _a(Sirsi) u140709 | ||
| 041 | 0 | _aeng | |
| 245 | 0 | 3 |
_aAn auctioneer's jubilee _bMessrs. E. and A. Swain |
| 260 | _c1899 | ||
| 490 |
_aLand Agents' Record _v25 February 1899, 1-4(4) |
||
| 520 | _aA profile of the auctioneering firm E. and A. Swain, reprinted from the Land Agents' Record of 25 February 1899. | ||
| 610 | 2 | 4 |
_aE and A Swain _95376 |
| 651 | 4 |
_aUnited Kingdom _y |
|
| 690 |
_aAuctioneering _96218 |
||
| 942 | _n0 | ||
| 999 |
_c79318 _d79318 |
||